| 000 | 00591nam a2200181 i 4500 | ||
|---|---|---|---|
| 001 | 100168 | ||
| 003 | ES-MaACL | ||
| 005 | 20250827051504.0 | ||
| 007 | t| | ||
| 008 | 050922s1944 sp f |||| |dspa d | ||
| 100 | 1 |
_aMartínez-Valverde, Carlos. _978462 |
|
| 245 | 1 | 0 |
_aMeridianos _b: memorias de un alférez de navío en un viaje de circunnavegación / _cCarlos Martínez-Valverde. |
| 260 |
_aMadrid : _bEditora Nacional, _c1944. |
||
| 300 |
_a298 p., 6 lám. ; _c22 cm. |
||
| 650 | 0 | 7 |
_aViajes alrededor del mundo _2embne _917780 |
| 852 |
_aES-MaACL _jE-1896 |
||
| 999 |
_c100168 _d100168 |
||